000
00295nam a2200121Ia 4500
008
190722s9999 xx 000 0 und d
020
_a
978-81-313-0880-6
100
_a
S.N.Mahindru
245
0
_a
Encyclopaedia Food Analysis
260
_a
New Delhi
_b
A.P.H.
_c
2010
300
_a
549
942
_c
BK
999
_c
1088
_d
1088